000 01048nam a2200205Ii 4500
003 JO-AjNU
008 230605s9999||||xx |||||||||||||| ||und||
020 _a978-9953-78-303-1
040 _aJO-AjNU
_bara
_erda
_cJO-AjNU
041 _aara
050 1 4 _aCB53.D8712 2010
100 3 _aديورانت، ول وايريل؛ ترجمة فؤاد اندراوس؛ مراجعة علي ادهم,
_eauthor
_960438
245 0 0 _aقصة الحضارة: بداية عصر العقل، ج29-30، مجلد7، الجزء الثاني والثالث
264 3 1 _aبيروت،تونس: دار الجيل للنشر والطباعة والتوزيع،المنظمة العربية للتربية والثقافة والعلوم، 2010
300 _aج 29-30، مجلد7، الجزء الثاني والثالث: ترقيم متعدد
_b ويحتوي على قائمة مراجع من 344ص- 356ص
336 _atext
_btxt
_2rdacontent
337 _aunmediated
_bn
_2rdamedia
338 _avolume
_bnc
_2rdacarrier
650 4 _aالحضارة-تاريخ
_960439
999 _aA27253
_c30821
_d30821